Contabilidad de costos: un enfoque administrativo para la toma de decisiones

I tiakina i:
Ngā taipitopito rārangi puna kōrero
Ngā kaituhi matua: Backer, Morton (Author), Jacobsen, Lyle (Author), Ramírez Padilla, David Noel (Author)
Hōputu: Pukapuka
Reo:Pāniora
I whakaputaina: Ciudad de México McGraw-Hill 1983
Putanga:2a. ed
Ngā marau:
Ngā Tūtohu: Tāpirihia he Tūtohu
Kāore He Tūtohu, Me noho koe te mea tuatahi ki te tūtohu i tēnei pūkete!

MARC

LEADER 00000nam a2200000 a 4500
001 UCW2757
003 CL-VaPUC
008 891020e19830000MX |||||||||||||||||spa|d
082 0 4 |a 657.4  |b BAC  |2 21 
100 0 |a Backer, Morton  |e author  |9 307037 
700 0 |a Jacobsen, Lyle  |e author  |9 307038 
700 0 |a Ramírez Padilla, David Noel  |e author  |9 307039 
245 1 0 |a Contabilidad de costos: un enfoque administrativo para la toma de decisiones 
250 |a 2a. ed 
300 |a 743 p 
942 |c BK 
945 |d 19891020 00:00:00  |a mfernand 
260 |a Ciudad de México  |b McGraw-Hill  |c 1983 
650 0 |a Contabilidad de costos   |9 260564 
650 0 |a Toma de decisiones   |9 257530 
583 |a last modification  |c 19891020 00:00:00  |k Rodrigo Vera 
999 |c 217213  |d 217211 
952 |0 0  |1 0  |4 0  |6 657_400000000000000_BAC_1983  |7 0  |8 R  |9 204181  |a BIBGIM  |b BIBGIM  |d 2019-11-15  |i 2714175  |o 657.4 BAC 1983  |p 2714175  |r 2025-01-15  |w 2019-11-15  |y BK_R  |k COM